Who Am I? Word Coiners, Conlinguists, & Lexicographers Quiz Stats

Quiz Updated Jun 24, 2017

Challenge
Share
Tweet
Embed
Score 0/24 Timer 06:00
3 Plays Today
% Correct
Louis Braille
90.6%
Louisa May Alcott
88.4%
Charles Dickens
88.3%
J. R. R. Tolkien
88.1%
Joseph Heller
82.9%
Jonathan Swift
82.3%
Noah Webster
82.3%
Dr. Seuss
81.8%
Lewis Carroll
79.9%
Karel Čapek
73.3%
Samuel Morse
72.5%
Peter Mark Roget
71.9%
% Correct
François Rabelais
70%
Philo of Byblos
67.4%
Thomas More
64.1%
Sir Walter Scott
63.6%
William Shakespeare
61.8%
Edgar Allan Poe
60%
Washington Irving
53.8%
Richard Dawkins
47.6%
L. L. Zamenhof
44.2%
Edmund Spenser
42.2%
Samuel Johnson
41%
William Gibson
37.4%

You're not logged in!

Compare scores with friends on all Sporcle quizzes.
Sign Up with Email
OR
Log In

You Might Also Like...

Show Comments

Extras

Top Quizzes Today


Score Distribution

Your Account Isn't Verified!

In order to create a playlist on Sporcle, you need to verify the email address you used during registration. Go to your Sporcle Settings to finish the process.